00529nam a2200181Ia 4500003000500000008004100005020001800046040001900064082000700083100002000090245004100110260003400151300000800185546001200193942001200205999001700217952011300234STCL181203s9999 xx 000 0 und d a9789381523315 aSTCLbENcSTCL 222 aHasan, Mushirul 0aFaith and Freedom: Gandhi in History bNiyogi BooksaNew Delhic2013 a555 aEnglish 2ddccBK c83623d83623 00102ddc4070aSTCALbSTCALcGENd2018-12-03l0o954.035 HAS-Fp91408r2018-12-03 00:00:00w2018-12-03yBK